[Event "Ricany op-A"]
[Site "Ricany"]
[Date "2011.08.26"]
[Round "8"]
[White "Svitak, David"]
[Black "Marikova, Jana"]
[Result "1-0"]
[WhiteElo "2015"]
[BlackElo "1897"]
[PlyCount "45"]
[EventDate "2011.08.20"]
[EventType "swiss"]
[EventRounds "9"]
[EventCountry "CZE"]
[SourceTitle "CBM 144 Extra"]
[Source "ChessBase"]
[SourceDate "2011.10.28"]
[SourceVersion "1"]
[SourceVersionDate "2011.10.28"]
[SourceQuality "1"]

1. e4 c5 2. Nf3 d6 3. d4 cxd4 4. Nxd4 Nf6 5. Nc3 a6 6. Bg5 e6 7. f4 Be7 8. Qf3 Qc7 9. 0-0-0 Nbd7 10. Bd3 b5 11. Rhe1 0-0 12. e5 dxe5 13. Nc6 Bc5 14. fxe5 Nd5 15. Nxd5 exd5 16. Ne7+ Bxe7 17. Bxe7 Re8 18. Bd6 Qc6 19. Rf1 Nf6 20. exf6 Qxd6 21. Bxh7+ Kxh7 22. Qh5+ Kg8 23. fxg7 1-0

[Event "Ricany op-A"]
[Site "Ricany"]
[Date "2011.08.25"]
[Round "7"]
[White "Pycha, Patrik"]
[Black "Svitak, David"]
[Result "1/2-1/2"]
[WhiteElo "1770"]
[BlackElo "2015"]
[PlyCount "44"]
[EventDate "2011.08.20"]
[EventType "swiss"]
[EventRounds "9"]
[EventCountry "CZE"]
[SourceTitle "CBM 144 Extra"]
[Source "ChessBase"]
[SourceDate "2011.10.28"]
[SourceVersion "1"]
[SourceVersionDate "2011.10.28"]
[SourceQuality "1"]

1. e4 c5 2. Nc3 e6 3. g3 d5 4. exd5 exd5 5. d4 Nc6 6. Nge2 Nf6 7. Bg2 cxd4 8. Nxd4 Bc5 9. Nb3 Bb4 10. 0-0 Be6 11. Bg5 0-0 12. Ne2 h6 13. Bxf6 Qxf6 14. c3 Be7 15. Ned4 Rad8 16. Re1 Nxd4 17. Qxd4 Qxd4 18. Nxd4 Bc5 19. Rad1 Bg4 20. f3 Bd7 21. Kf1 a6 22. f4 Bc6 1/2-1/2

[Event "Prague Holiday M11"]
[Site "Prague"]
[Date "2010.07.23"]
[Round "9"]
[White "Svitak, David"]
[Black "Haba, Zdenek"]
[Result "1/2-1/2"]
[WhiteElo "1914"]
[BlackElo "2252"]
[PlyCount "104"]
[EventDate "2010.07.18"]
[EventType "tourn"]
[EventRounds "9"]
[EventCountry "CZE"]
[SourceTitle "EXT 2023"]
[Source "ChessBase"]
[SourceDate "2022.10.05"]
[SourceVersion "1"]
[SourceVersionDate "2022.10.05"]
[SourceQuality "1"]

1. e4 c5 2. Nf3 e6 3. d4 cxd4 4. Nxd4 a6 5. Be3 Qc7 6. Be2 Nf6 7. Bf3 Be7 8. Nc3 d6 9. g3 0-0 10. Bg2 Bd7 11. 0-0 Nc6 12. f4 Rab8 13. a4 Na5 14. f5 Nc4 15. Bc1 Qb6 16. Kh1 Nxb2 17. Bxb2 Qxb2 18. Qf3 Qb6 19. Nce2 e5 20. Rab1 Qc7 21. g4 exd4 22. g5 Nxe4 23. Qxe4 Bxg5 24. Rxb7 Rxb7 25. Qxb7 Qxb7 26. Bxb7 Rb8 27. Be4 Bxa4 28. Nxd4 Bf6 29. Ra1 Bb5 30. Rd1 Bc4 31. Nc6 Re8 32. Bf3 Be5 33. Na5 Bb5 34. Nb7 Ba4 35. Nxd6 Bxd6 36. Rxd6 Bxc2 37. Rxa6 Bxf5 38. Bc6 Rc8 39. Kg1 g6 40. Bd5 Rc7 41. Kf2 Kg7 42. Kg3 h5 43. Bf3 Be6 44. h4 Rc3 45. Kf4 Kf6 46. Rb6 Rc4+ 47. Be4 Kg7 48. Ke5 f6+ 49. Kxe6 Rxe4+ 50. Kd5 Rxh4 51. Rb7+ Kh6 52. Ke6 Rf4 1/2-1/2

[Event "Prague Holiday M11"]
[Site "Prague"]
[Date "2010.07.21"]
[Round "6"]
[White "Svitak, David"]
[Black "Lutz, Albert"]
[Result "0-1"]
[WhiteElo "1914"]
[BlackElo "2175"]
[PlyCount "68"]
[EventDate "2010.07.18"]
[EventType "tourn"]
[EventRounds "9"]
[EventCountry "CZE"]
[SourceTitle "EXT 2023"]
[Source "ChessBase"]
[SourceDate "2022.10.05"]
[SourceVersion "1"]
[SourceVersionDate "2022.10.05"]
[SourceQuality "1"]

1. e4 e5 2. Nf3 Nc6 3. Nc3 Nf6 4. d4 exd4 5. Nxd4 Bb4 6. Nxc6 bxc6 7. Bd3 0-0 8. 0-0 Re8 9. Qf3 h6 10. Bf4 Bxc3 11. bxc3 d6 12. h3 Nd7 13. Qg3 Qf6 14. Bd2 Nc5 15. Rae1 Rb8 16. f4 Nxd3 17. cxd3 Rb2 18. e5 Qf5 19. Qe3 Ba6 20. Rf3 h5 21. g4 hxg4 22. hxg4 Qxg4+ 23. Rg3 Qf5 24. c4 Re6 25. Rg5 Rg6 26. Rxg6 Qxg6+ 27. Kf2 Qh6 28. Re2 c5 29. exd6 Qh2+ 30. Kf3 Bb7+ 31. Kg4 f5+ 32. Kxf5 Qh5+ 33. Ke6 Qg6+ 34. Ke5 cxd6# 0-1

[Event "Prague Holiday M11"]
[Site "Prague"]
[Date "2010.07.18"]
[Round "2"]
[White "Svitak, David"]
[Black "Ptak, Pavel"]
[Result "1-0"]
[WhiteElo "1914"]
[BlackElo "2131"]
[PlyCount "69"]
[EventDate "2010.07.18"]
[EventType "tourn"]
[EventRounds "9"]
[EventCountry "CZE"]
[SourceTitle "EXT 2023"]
[Source "ChessBase"]
[SourceDate "2022.10.05"]
[SourceVersion "1"]
[SourceVersionDate "2022.10.05"]
[SourceQuality "1"]

1. e4 g6 2. d4 Bg7 3. Nc3 c6 4. Nf3 d5 5. e5 Bg4 6. Bf4 e6 7. Qd2 Bxf3 8. gxf3 Nd7 9. 0-0-0 Ne7 10. h4 h5 11. Bd3 Qb6 12. Be3 0-0-0 13. Na4 Qc7 14. Qb4 c5 15. dxc5 Nc6 16. Qb3 Ndxe5 17. Be2 d4 18. Bd2 Nd7 19. Qa3 Kb8 20. b4 Rc8 21. c4 Nce5 22. Rh3 Rhd8 23. f4 Ng4 24. Rb3 d3 25. Bxg4 hxg4 26. Rxd3 Nf6 27. Be3 Ne4 28. b5 Rxd3 29. Qxd3 f5 30. b6 axb6 31. Nxb6 Rh8 32. Qa3 Qc6 33. Rd7 Qxd7 34. Nxd7+ Kc7 35. c6 1-0

[Event "Prague Golden op"]
[Site "Prague"]
[Date "2010.07.??"]
[Round "3"]
[White "Jaeger, Andre"]
[Black "Svitak, David"]
[Result "0-1"]
[WhiteElo "2050"]
[BlackElo "1910"]
[PlyCount "100"]
[EventDate "2010.07.??"]
[EventType "swiss"]
[EventRounds "9"]
[EventCountry "CZE"]
[SourceTitle "EXT 2012"]
[Source "ChessBase"]
[SourceDate "2011.11.24"]
[SourceVersion "1"]
[SourceVersionDate "2011.11.24"]
[SourceQuality "1"]

1. d4 Nf6 2. c4 g6 3. g3 Bg7 4. Bg2 d6 5. Nf3 0-0 6. Nc3 c6 7. 0-0 Qa5 8. h3 Be6 9. d5 cxd5 10. Nd4 Bd7 11. cxd5 Rc8 12. Be3 Be8 13. Nb3 Qd8 14. Bd4 Nbd7 15. f4 Nh5 16. g4 Bxd4+ 17. Qxd4 Ng7 18. e4 Qb6 19. Rad1 Qxd4+ 20. Nxd4 Nb6 21. Rf3 Na4 22. Nxa4 Bxa4 23. b3 Bd7 24. f5 gxf5 25. exf5 Rc7 26. f6 exf6 27. Rxf6 Ne8 28. Rf2 Ng7 29. Rdf1 Be8 30. Rf6 Rd8 31. h4 h5 32. g5 Rc3 33. R1f3 Rc1+ 34. Kh2 Rd1 35. R3f4 Rd2 36. a4 Rd7 37. Kg3 Re7 38. Rxd6 Rxd4 39. Rd8 Rxf4 40. Kxf4 Rd7 41. Rc8 Kf8 42. Ke5 Re7+ 43. Kf6 Re2 44. Bh3 Rh2 45. d6 Rxh3 46. d7 Rf3+ 47. Ke5 Re3+ 48. Kf4 Rd3 49. d8Q Rxd8 50. Rxd8 Ne6+ 0-1

[Event "Prague Golden op"]
[Site "Prague"]
[Date "2010.07.??"]
[Round "7"]
[White "Sisak, Richard"]
[Black "Svitak, David"]
[Result "1-0"]
[WhiteElo "2065"]
[BlackElo "1910"]
[PlyCount "81"]
[EventDate "2010.07.??"]
[EventType "swiss"]
[EventRounds "9"]
[EventCountry "CZE"]
[SourceTitle "EXT 2012"]
[Source "ChessBase"]
[SourceDate "2011.11.24"]
[SourceVersion "1"]
[SourceVersionDate "2011.11.24"]
[SourceQuality "1"]

1. d4 Nf6 2. c4 g6 3. Nc3 Bg7 4. Nf3 d6 5. Bf4 Nh5 6. Bg5 h6 7. Bh4 g5 8. Bg3 Nc6 9. e3 Bg4 10. Be2 e6 11. Nd2 Bxe2 12. Qxe2 Nxg3 13. hxg3 Qd7 14. 0-0-0 a6 15. f4 0-0-0 16. Rh5 Qe7 17. a3 f5 18. b4 g4 19. Nb3 Qf7 20. Rhh1 e5 21. d5 Na7 22. Qc2 Qf6 23. Ne2 Rhe8 24. Rhe1 Re7 25. fxe5 dxe5 26. Rf1 Rf7 27. e4 Qg5+ 28. Qd2 Qg6 29. Qe3 Kb8 30. Nc5 h5 31. exf5 Rxf5 32. Qe4 Qg5+ 33. Kc2 Rxf1 34. Rxf1 Bh6 35. d6 Qd2+ 36. Kb1 c6 37. d7 Qe3 38. Rf7 Qxa3 39. Qxe5+ Ka8 40. Qc3 Qxc3 41. Nxc3 1-0

[Event "Ricany op"]
[Site "Ricany"]
[Date "2009.08.24"]
[Round "4"]
[White "Svitak, David"]
[Black "Moravec, Vit"]
[Result "0-1"]
[WhiteElo "1865"]
[BlackElo "2053"]
[PlyCount "108"]
[EventDate "2009.08.22"]
[EventType "swiss"]
[EventRounds "9"]
[EventCountry "CZE"]
[SourceTitle "CBM 131 Extra"]
[Source "ChessBase"]
[SourceDate "2009.09.03"]
[SourceVersion "2"]
[SourceVersionDate "2009.09.16"]
[SourceQuality "1"]

1. e4 c5 2. Nf3 e6 3. d4 cxd4 4. Nxd4 a6 5. Nc3 Qc7 6. Be2 Nf6 7. 0-0 Be7 8. f4 d6 9. Qe1 0-0 10. Qg3 Re8 11. f5 e5 12. Nf3 b5 13. Bh6 Bf8 14. Bg5 Nbd7 15. Bd3 Bb7 16. Rae1 Kh8 17. Qh4 b4 18. Nd1 d5 19. Nd2 dxe4 20. Nxe4 Nxe4 21. Bxe4 Bxe4 22. Qxe4 Nf6 23. Bxf6 Qb6+ 24. Ne3 Qxf6 25. Nd5 Qc6 26. f6 Rad8 27. c4 bxc3 28. Nxc3 Bc5+ 29. Kh1 Qxe4 30. Nxe4 Bd4 31. fxg7+ Kxg7 32. b3 Re6 33. g4 Rc6 34. Rf5 Rd7 35. Ref1 Rc2 36. Nf6 Re7 37. Rh5 Rf2 38. Rxf2 Bxf2 39. g5 e4 40. Rxh7+ Kg6 41. h4 e3 42. Rh6+ Kf5 43. Nd5 e2 44. Rf6+ Ke5 45. Nxe7 e1Q+ 46. Kg2 Qg1+ 47. Kf3 Qg3+ 48. Ke2 Qe3+ 49. Kf1 Bxh4 50. Nc6+ Ke4 51. Rxf7 Qe1+ 52. Kg2 Qg3+ 53. Kf1 Bxg5 54. Rf2 Be3 0-1

[Event "Jirasek Memorial op-A"]
[Site "Rakovnik"]
[Date "2009.08.08"]
[Round "1"]
[White "Svitak, David"]
[Black "Volek, Radomir"]
[Result "1/2-1/2"]
[WhiteElo "1865"]
[BlackElo "2034"]
[PlyCount "178"]
[EventDate "2009.08.08"]
[EventType "swiss"]
[EventRounds "9"]
[EventCountry "CZE"]
[SourceTitle "EXT 2010"]
[Source "ChessBase"]
[SourceDate "2010.11.25"]
[SourceVersion "1"]
[SourceVersionDate "2010.11.25"]
[SourceQuality "1"]

1. e4 e5 2. Nc3 Be7 3. Bc4 d6 4. d3 Nf6 5. Nf3 0-0 6. Bg5 c6 7. Bb3 Nbd7 8. a4 Nc5 9. Ba2 Qb6 10. Qc1 Ne6 11. Be3 Nd4 12. 0-0 Nxf3+ 13. gxf3 Qd8 14. Kh1 Be6 15. Rg1 Kh8 16. Ne2 Bxa2 17. Rxa2 Nh5 18. Ng3 Nxg3+ 19. fxg3 f5 20. c3 d5 21. b3 fxe4 22. fxe4 dxe4 23. d4 exd4 24. Bxd4 Qd5 25. Be3 Rf3 26. Rd2 Qxb3 27. Rb2 Qxa4 28. Rxb7 Qa3 29. Qxa3 Bxa3 30. Bd4 Bf8 31. Re1 c5 32. Be5 Kg8 33. Rxe4 a5 34. Kg2 Rf7 35. Rxf7 Kxf7 36. Ra4 Ke6 37. Bc7 Kd5 38. Kf3 Kc6 39. Rxa5 Rxa5 40. Bxa5 Kb5 41. Bc7 Kc4 42. Be5 Kd3 43. Kf4 c4 44. h4 g6 45. Kg5 Ke4 46. Bf6 Bd6 47. Kg4 Bc5 48. h5 gxh5+ 49. Kxh5 Be3 50. g4 Bd2 51. g5 Kf5 52. Kh6 Kg4 53. Kxh7 Bxg5 54. Bd4 Kf5 55. Kg7 Bf4 56. Kf7 Be5 57. Bc5 Bxc3 58. Ba3 Ke5 59. Ke7 Kd5 60. Kd7 Ba5 61. Bb2 Kc5 62. Ke6 Kb4 63. Kd5 Bd8 64. Ke4 Kb3 65. Bc1 Kc2 66. Bf4 Bf6 67. Ke3 Kd1 68. Ke4 c3 69. Kd3 c2 70. Bd2 Bb2 71. Bf4 Bc1 72. Be5 Bg5 73. Bb2 Be7 74. Ke3 Bb4 75. Kd3 Bc5 76. Ke4 Bb6 77. Kd3 Ba7 78. Ba3 Bb8 79. Ke3 Be5 80. Kd3 Bf6 81. Ke3 Bg5+ 82. Kd3 Bf6 83. Ke3 Bg5+ 84. Kd3 Bh6 85. Bb2 Bc1 86. Be5 Ba3 87. Bf4 Bb4 88. Bg5 Ba3 89. Bf4 Bc1 1/2-1/2

[Event "Prague op-B 07th"]
[Site "Prague"]
[Date "2008.01.17"]
[Round "8"]
[White "Svitak, David"]
[Black "Ruzicka, Vaclav"]
[Result "0-1"]
[WhiteElo "1879"]
[BlackElo "1946"]
[PlyCount "90"]
[EventDate "2008.01.11"]
[EventType "swiss"]
[EventRounds "9"]
[EventCountry "CZE"]
[SourceTitle "EXT 2010"]
[Source "ChessBase"]
[SourceDate "2010.11.25"]
[SourceVersion "1"]
[SourceVersionDate "2010.11.25"]
[SourceQuality "1"]

1. e4 d5 2. exd5 Qxd5 3. Nc3 Qa5 4. Bc4 Nf6 5. d4 c6 6. Bd2 Qc7 7. Nf3 Bf5 8. 0-0 e6 9. Ne5 Bd6 10. Bf4 Nbd7 11. Re1 0-0 12. Bd3 Bxd3 13. Qxd3 Rad8 14. Ne4 Nxe4 15. Qxe4 Nf6 16. Qf3 Nd5 17. Bg3 c5 18. dxc5 Qxc5 19. Nd3 Qxc2 20. Rec1 Qa4 21. Bxd6 Rxd6 22. Ne5 Qd4 23. Nc4 Rc6 24. b3 Rfc8 25. Rd1 Qc5 26. h4 b5 27. Ne5 R6c7 28. h5 h6 29. Rac1 Qe7 30. Rxc7 Rxc7 31. Qd3 Qc5 32. Qf3 a5 33. Nd3 Qd6 34. g3 Nc3 35. Re1 b4 36. Ne5 Qd2 37. Re3 Qxa2 38. Qa8+ Kh7 39. Qd8 Nd5 40. Nd7 Qb1+ 41. Kh2 Rxd7 42. Qxd7 Nxe3 43. fxe3 Qxb3 44. Qxf7 Qc2+ 45. Kg1 b3 0-1

[Event "Prague op-B 07th"]
[Site "Prague"]
[Date "2008.01.14"]
[Round "4"]
[White "Svitak, David"]
[Black "Novak, Jindrich"]
[Result "1-0"]
[WhiteElo "1879"]
[BlackElo "2039"]
[PlyCount "83"]
[EventDate "2008.01.11"]
[EventType "swiss"]
[EventRounds "9"]
[EventCountry "CZE"]
[SourceTitle "EXT 2010"]
[Source "ChessBase"]
[SourceDate "2010.11.25"]
[SourceVersion "1"]
[SourceVersionDate "2010.11.25"]
[SourceQuality "1"]

1. e4 d6 2. d4 f5 3. exf5 Bxf5 4. Bd3 Qd7 5. Bxf5 Qxf5 6. Nf3 Nc6 7. 0-0 Nf6 8. c4 0-0-0 9. d5 Ne5 10. Nd4 Qd3 11. Qxd3 Nxd3 12. Ne6 Re8 13. Na3 Nc5 14. Nxc5 dxc5 15. Re1 g6 16. b3 Bg7 17. Bb2 Nh5 18. Bxg7 Nxg7 19. Re2 e6 20. dxe6 Nxe6 21. Rae1 Kd7 22. Rd2+ Nd4 23. Rxe8 Rxe8 24. Kf1 Kc6 25. Nc2 Nxc2 26. Rxc2 a5 27. Re2 Rd8 28. Ke1 a4 29. Re3 Rd4 30. Ke2 Kb6 31. Re6+ c6 32. Re7 Rh4 33. h3 Ka6 34. Ke3 axb3 35. axb3 b5 36. Re4 Rh5 37. f4 Rf5 38. Re5 Rxe5+ 39. fxe5 Kb6 40. Kf4 h6 41. e6 Kc7 42. Ke5 1-0

[Event "Ricany op-A"]
[Site "Ricany"]
[Date "2007.08.30"]
[Round "7"]
[White "Lizner, Milan"]
[Black "Svitak, David"]
[Result "1-0"]
[WhiteElo "2140"]
[BlackElo "1769"]
[PlyCount "81"]
[EventDate "2007.08.25"]
[EventType "swiss"]
[EventRounds "9"]
[EventCountry "CZE"]
[SourceTitle "EXT 2008"]
[Source "ChessBase"]
[SourceDate "2007.11.25"]
[SourceVersion "1"]
[SourceVersionDate "2007.11.25"]
[SourceQuality "1"]

1. e4 c5 2. Nf3 d6 3. c3 Nf6 4. Bc4 e6 5. Qe2 Nc6 6. Bb3 Bd7 7. 0-0 Be7 8. d4 cxd4 9. cxd4 0-0 10. Nc3 Re8 11. e5 Nd5 12. Nxd5 exd5 13. Bxd5 Bg4 14. e6 fxe6 15. Bxe6+ Bxe6 16. Qxe6+ Kh8 17. Qg4 Bf6 18. Be3 d5 19. Rfd1 Re4 20. Qh5 Qd7 21. Rac1 g6 22. Qh6 Bg7 23. Qh3 Qxh3 24. gxh3 Rf8 25. Kg2 Bf6 26. Rd3 Kg7 27. Rc5 Be7 28. Rb5 Nb4 29. Rb3 Nc6 30. Rxd5 b6 31. Rc3 Nb4 32. Rd7 Rd8 33. Rcc7 Rxd7 34. Rxd7 Kf8 35. Rxa7 Nc2 36. Bg5 Bd6 37. Rb7 Nxd4 38. Nxd4 Rxd4 39. Rxb6 Bc5 40. Rb8+ Kg7 41. Rb7+ 1-0

[Event "Ricany op-A"]
[Site "Ricany"]
[Date "2007.08.28"]
[Round "5"]
[White "Matejovsky, Ondrej"]
[Black "Svitak, David"]
[Result "0-1"]
[WhiteElo "2088"]
[BlackElo "1769"]
[PlyCount "34"]
[EventDate "2007.08.25"]
[EventType "swiss"]
[EventRounds "9"]
[EventCountry "CZE"]
[SourceTitle "EXT 2008"]
[Source "ChessBase"]
[SourceDate "2007.11.25"]
[SourceVersion "1"]
[SourceVersionDate "2007.11.25"]
[SourceQuality "1"]

1. e4 c5 2. Nf3 d6 3. Bb5+ Bd7 4. Bxd7+ Nxd7 5. 0-0 Ngf6 6. Re1 e6 7. c4 Be7 8. d4 cxd4 9. Nxd4 0-0 10. Nc3 a6 11. Be3 Ne5 12. Qb3 Qc7 13. Rac1 Nd3 14. Ncb5 Nxc1 15. Nxc7 Nxb3 16. Nxb3 Rac8 17. Bb6 Bd8 0-1

[Event "Ricany op-A"]
[Site "Ricany"]
[Date "2007.08.26"]
[Round "2"]
[White "Svitak, David"]
[Black "Framberk, Jan"]
[Result "0-1"]
[WhiteElo "1769"]
[BlackElo "2072"]
[PlyCount "82"]
[EventDate "2007.08.25"]
[EventType "swiss"]
[EventRounds "9"]
[EventCountry "CZE"]
[SourceTitle "EXT 2008"]
[Source "ChessBase"]
[SourceDate "2007.11.25"]
[SourceVersion "1"]
[SourceVersionDate "2007.11.25"]
[SourceQuality "1"]

1. e4 c5 2. Nf3 d6 3. d4 cxd4 4. Nxd4 Nf6 5. Nc3 Nc6 6. Bc4 e6 7. Be3 Be7 8. g4 Nxd4 9. Bxd4 e5 10. Bb5+ Bd7 11. Bxd7+ Qxd7 12. Be3 Nxg4 13. Bd2 f5 14. Rg1 Bh4 15. Rg2 0-0 16. Qe2 Nxf2 17. Qh5 Qd8 18. Ke2 Nxe4 19. Rag1 Nxc3+ 20. bxc3 Rf7 21. Bh6 Bf6 22. Qxf5 Qc8 23. Qe4 Qd7 24. Rf2 Qe6 25. h4 Rc8 26. Rg4 d5 27. Qg2 Rxc3 28. Kd1 Rc4 29. Rg3 Rd4+ 30. Kc1 Rxh4 31. Bd2 e4 32. Rb3 Qe5 33. Bc3 d4 34. Be1 Qg5+ 35. Kd1 Qxg2 36. Rxg2 Rh1 37. Ke2 Rc7 38. Kd1 Bh4 39. Re2 Rxe1+ 40. Rxe1 Bxe1 41. Kxe1 Kf7 0-1

[Event "Teplice op 2nd"]
[Site "Teplice"]
[Date "2007.06.19"]
[Round "5"]
[White "Kalina, Jiri"]
[Black "Svitak, David"]
[Result "0-1"]
[WhiteElo "2031"]
[BlackElo "1769"]
[PlyCount "138"]
[EventDate "2007.06.16"]
[EventType "swiss"]
[EventRounds "9"]
[EventCountry "CZE"]
[SourceTitle "CBM 118 Extra"]
[Source "ChessBase"]
[SourceDate "2007.07.04"]
[SourceVersion "1"]
[SourceVersionDate "2007.07.04"]
[SourceQuality "1"]

1. e4 c5 2. Nf3 d6 3. d4 cxd4 4. Nxd4 Nf6 5. Nc3 a6 6. Be2 e6 7. 0-0 Be7 8. f4 Qc7 9. a4 Nc6 10. Nb3 0-0 11. Be3 b6 12. Bf3 Bb7 13. Qe1 Rfe8 14. g4 d5 15. e5 Nd7 16. Qf2 Rac8 17. Nd4 Nc5 18. Nce2 Ne4 19. Bxe4 dxe4 20. Nxc6 Qxc6 21. Nd4 Qc7 22. c3 Red8 23. Rfd1 Bd5 24. Rd2 Bc4 25. Rad1 Bd3 26. Nc2 Bc5 27. Ne1 Bxe3 28. Qxe3 Bc4 29. Rxd8+ Rxd8 30. Rxd8+ Qxd8 31. Qxe4 Bd5 32. Qd4 Qh4 33. Qd1 h5 34. Qe2 hxg4 35. Ng2 Qh3 36. Ne3 Bf3 37. Qf2 f5 38. Nc4 g5 39. fxg5 f4 40. Qf1 Qh5 41. Nd2 Qxg5 42. Nxf3 gxf3+ 43. Kh1 Qxe5 44. Qxf3 Qe1+ 45. Kg2 e5 46. Qa8+ Kf7 47. Qb7+ Kf6 48. Qxb6+ Kf5 49. Qf2 Qe4+ 50. Qf3 Qc2+ 51. Qf2 Qxa4 52. h4 Qe8 53. Qc5 Qg8+ 54. Kf1 Qd8 55. h5 Qd1+ 56. Kf2 Qxh5 57. Qc8+ Kg5 58. Qg8+ Kh4 59. Qd8+ Kh3 60. Qc8+ Kh2 61. Qxa6 Qh4+ 62. Kf3 Qh3+ 63. Ke4 Qe3+ 64. Kf5 f3 65. Kg4 f2 66. Qf1 Qf4+ 67. Kh5 Qf3+ 68. Kh4 Qg3+ 69. Kh5 Qh3+ 0-1

[Event "Teplice op 2nd"]
[Site "Teplice"]
[Date "2007.06.16"]
[Round "1"]
[White "Dolezal, Radoslav"]
[Black "Svitak, David"]
[Result "1-0"]
[WhiteElo "2425"]
[BlackElo "1769"]
[PlyCount "59"]
[EventDate "2007.06.16"]
[EventType "swiss"]
[EventRounds "9"]
[EventCountry "CZE"]
[SourceTitle "CBM 118 Extra"]
[Source "ChessBase"]
[SourceDate "2007.07.04"]
[SourceVersion "1"]
[SourceVersionDate "2007.07.04"]
[SourceQuality "1"]

1. d4 Nf6 2. c4 g6 3. Nc3 Bg7 4. e4 d6 5. Nf3 0-0 6. Be2 e5 7. 0-0 Nc6 8. dxe5 dxe5 9. Bg5 Qxd1 10. Rfxd1 Be6 11. Nd5 Nxe4 12. Nxc7 Rac8 13. Nxe6 fxe6 14. Be3 Nd4 15. Nxd4 exd4 16. Bxd4 Bxd4 17. Rxd4 Nxf2 18. Rf1 e5 19. Rd7 Ne4 20. Rxf8+ Rxf8 21. Rxb7 Rd8 22. Bf3 Nf6 23. c5 e4 24. Be2 Kf8 25. c6 Rc8 26. c7 Ke7 27. Rxa7 Nd5 28. Ba6 Rxc7 29. Rxc7+ Nxc7 30. Bb7 1-0

[Event "Prague op-B 06th"]
[Site "Prague"]
[Date "2007.01.15"]
[Round "6"]
[White "Briza, Milos"]
[Black "Svitak, David"]
[Result "1-0"]
[WhiteElo "2090"]
[BlackElo "1737"]
[PlyCount "79"]
[EventDate "2007.01.11"]
[EventType "swiss"]
[EventRounds "9"]
[EventCountry "CZE"]
[SourceTitle "CBM 116 Extra"]
[Source "ChessBase"]
[SourceDate "2007.03.07"]
[SourceVersion "1"]
[SourceVersionDate "2007.03.07"]
[SourceQuality "1"]

1. e4 c5 2. Nf3 d6 3. c3 Nf6 4. h3 Nc6 5. Bd3 e6 6. Bc2 a6 7. 0-0 Be7 8. d3 Qc7 9. Qe2 Bd7 10. a3 b5 11. Nbd2 0-0 12. Nh2 a5 13. f4 b4 14. Ndf3 bxc3 15. bxc3 Bc8 16. g4 Bb7 17. g5 Nd7 18. Ng4 f5 19. exf5 exf5 20. Qe6+ Kh8 21. Ne3 Rae8 22. d4 Nd8 23. Qc4 Nb6 24. Qb5 Bc6 25. Qxa5 Nb7 26. Qa6 d5 27. Qe2 Bd6 28. Ne5 cxd4 29. Nxf5 Bxe5 30. fxe5 Rxe5 31. Qh2 Re7 32. Bf4 Qd7 33. Nxe7 Qxe7 34. cxd4 Nc4 35. Rae1 Qxa3 36. Bd6 Rxf1+ 37. Rxf1 Qe3+ 38. Kh1 g6 39. Bf8 Qe6 40. Bh6 1-0

[Event "Prague KS op-A"]
[Site "Prague"]
[Date "2007.??.??"]
[Round "4"]
[White "Fiser, Jiri"]
[Black "Svitak, David"]
[Result "1-0"]
[WhiteElo "2144"]
[BlackElo "1769"]
[PlyCount "53"]
[EventDate "2007.??.??"]
[EventType "swiss"]
[EventRounds "9"]
[EventCountry "CZE"]
[SourceTitle "EXT 2008"]
[Source "ChessBase"]
[SourceDate "2007.11.25"]
[SourceVersion "1"]
[SourceVersionDate "2007.11.25"]
[SourceQuality "1"]

1. e4 c5 2. Nf3 d6 3. Nc3 Nf6 4. d4 cxd4 5. Nxd4 a6 6. Bc4 e6 7. Bb3 Be7 8. Be3 Qc7 9. g4 Nc6 10. g5 Nd7 11. Qh5 Nc5 12. 0-0-0 Nxd4 13. Bxd4 Nxb3+ 14. axb3 Qa5 15. f4 e5 16. Be3 exf4 17. Bxf4 Be6 18. Kb1 Qc5 19. Nd5 Rc8 20. c3 Bxd5 21. Rxd5 Qb6 22. b4 0-0 23. Rd3 d5 24. exd5 Qg6 25. Qxg6 fxg6 26. Rd4 Rcd8 27. d6 1-0

[Event "Ricany op-A"]
[Site "Ricany"]
[Date "2006.08.30"]
[Round "7"]
[White "Nepustil, Frantisek"]
[Black "Svitak, David"]
[Result "1-0"]
[WhiteElo "1995"]
[BlackElo "1803"]
[PlyCount "47"]
[EventDate "2006.08.24"]
[EventType "swiss"]
[EventRounds "9"]
[EventCountry "CZE"]
[SourceTitle "EXT 2007"]
[Source "ChessBase"]
[SourceDate "2006.11.23"]
[SourceVersion "1"]
[SourceVersionDate "2006.11.23"]
[SourceQuality "1"]

1. e4 c5 2. b4 cxb4 3. Nf3 Nc6 4. d4 e6 5. a3 Nf6 6. Nbd2 Be7 7. Bd3 0-0 8. h4 d5 9. e5 Nd7 10. Bxh7+ Kh8 11. Bd3 g6 12. Nb3 Kg7 13. Ng5 Rh8 14. Qg4 Nf8 15. h5 f5 16. Qg3 Qe8 17. Ke2 Nd8 18. Bd2 bxa3 19. Rh2 Nf7 20. Rah1 Bxg5 21. Bxg5 Nxg5 22. Qxg5 Qf7 23. hxg6 Qxg6 24. Qe7+ 1-0

[Event "Prague op-B"]
[Site "Prague"]
[Date "2006.01.??"]
[Round "2"]
[White "Holubcik, Marian"]
[Black "Svitak, David"]
[Result "1-0"]
[WhiteElo "2052"]
[BlackElo "1669"]
[PlyCount "45"]
[EventDate "2006.07.02"]
[EventType "swiss"]
[EventRounds "7"]
[EventCountry "CZE"]
[SourceTitle "CBM 110 Extra"]
[Source "ChessBase"]
[SourceDate "2006.03.10"]
[SourceVersion "2"]
[SourceVersionDate "2006.03.10"]
[SourceQuality "1"]

1. e4 e5 2. f4 exf4 3. Bc4 Qh4+ 4. Kf1 Nf6 5. Nf3 Qh5 6. Nc3 c6 7. d4 g5 8. e5 Ng4 9. Ne4 Be7 10. Qe2 0-0 11. h4 h6 12. Kg1 Qg6 13. hxg5 hxg5 14. Bd3 Qg7 15. Nexg5 Bxg5 16. Rh7 Qh6 17. Rxh6 Bxh6 18. Qe4 f5 19. exf6 Nxf6 20. Qg6+ Bg7 21. Bxf4 d5 22. Bh6 Rf7 23. Ng5 1-0

[Event "Prague op-B"]
[Site "Prague"]
[Date "2006.01.??"]
[Round "3"]
[White "Svitak, David"]
[Black "Vavrousek, Petr"]
[Result "1-0"]
[WhiteElo "1669"]
[BlackElo "1909"]
[PlyCount "47"]
[EventDate "2006.07.02"]
[EventType "swiss"]
[EventRounds "7"]
[EventCountry "CZE"]
[SourceTitle "CBM 110 Extra"]
[Source "ChessBase"]
[SourceDate "2006.03.10"]
[SourceVersion "2"]
[SourceVersionDate "2006.03.10"]
[SourceQuality "1"]

1. e4 c5 2. f4 Nc6 3. Nf3 e6 4. Bb5 Nge7 5. 0-0 Qb6 6. Be2 d5 7. Nc3 dxe4 8. Nxe4 Nd5 9. Ne5 Nxf4 10. Nxf7 Nxe2+ 11. Qxe2 Nd4 12. Qd1 Be7 13. Nxh8 Bd7 14. Qh5+ Kd8 15. Nf7+ Kc8 16. Qxh7 Bb5 17. d3 Ne2+ 18. Kh1 Be8 19. Be3 Qxb2 20. Rab1 Qxc2 21. Ned6+ Bxd6 22. Nxd6+ Kd7 23. Nxe8 Rxe8 24. Qxg7+ 1-0